000 01242nam0a2200325 4500
001 RU\NLR\BIBL_A\012001465
005 20190528134317.0
010 _a978-5-533-00761-0
_93000
021 _aRU
_bКН-П-19-024762
_9КН-П-19-1874
035 _a(NLR Aleph) 012001465
035 _a(RuMoRGB)009940903
090 _a11407095
_c11407095
100 _a20190426d2019 u y0rusy50 ca
101 1 _arus
_cund
102 _aRU
105 _aa|||zzzz000zy
200 1 _aЗабавные животные из пластилина
_eиз трех базовых элементов
_fБернадетт Куксарт
210 _aМосква
_cРусское слово
_d2019
215 _a95 с.
_cцв. ил.
_d27
606 1 _aПоделки из пластилина
_jИздания для детей
_xИзготовление
_92133699
_3RU\NLR\AUTH\661591117
610 0 _aпластилин
610 0 _aлепка из пластилина
686 0 _aШ993
700 1 _aКуксарт
_bБ.
_gБернадетт
942 _cBOOK
980 _aNBR
980 _aNB